| 000 | 01146nam a2200325Ia 4500 | ||
|---|---|---|---|
| 003 | OSt | ||
| 005 | 20221007121655.0 | ||
| 006 | a|||||r|||| 00| 0 | ||
| 007 | ta | ||
| 008 | 221006b |||||||| |||| 00| 0 eng d | ||
| 020 |
_a3718655136 (hbd) _c _ 84.00 |
||
| 024 | _a4207 | ||
| 037 |
_bN R, _cTextual |
||
| 040 |
_aBDL _cBDL _beng |
||
| 041 |
_2eng _aeng |
||
| 082 | _aG1132g, N4 | ||
| 100 | _aSharma Arun Kumar | ||
| 245 | 0 |
_aChromosome techniques: a manual by Arun Kumar Sharma and Archana Sharma _b Sharma Archana |
|
| 260 |
_aSwitzerland _bHarwood Academic Publishers _c1994 |
||
| 300 |
_axix,368p _ccm. |
||
| 500 | _aBibliographical references 333-363p; Index 365-368p; ^n23/CSL/Carb/96-97/3730^d1996-11-19^mPurchase; ; 96-97/275^b1996-12-09^c070/96^d1996-11-29^eN R Book Distributors; ; 1996-12-11^bSB^c1996-12-16^dSB | ||
| 650 |
_a Cell _9650605 |
||
| 650 | _a Chromosomes | ||
| 650 |
_a Handbook _9279951 |
||
| 650 |
_a Nucleus _9711752 |
||
| 650 | _aBiology | ||
| 700 | _a Sharma Archana | ||
| 942 |
_hG1132g, N4 _cTEXL _2CC |
||
| 999 |
_c1209160 _d1209160 |
||